000 00376nam a2200133Ia 4500
008 220217s9999||||xx |||||||||||||| ||und||
020 _a81-7808-153-9
082 _a005.13 LIN
100 _aLinthicum, David, S
_92312
245 0 _aEnterprise application integration
260 _aPearson education asia
_bDelhi
_c2003
300 _b325
650 _aPROGRAMMING LANGUAGE
999 _c172282
_d172282